000 01042nam a2200325Ia 4500
003 GCL
008 140319s9999 xx 000 0 ara d
020 _a7205810977
040 _aGCL /
_cGCL
082 0 4 _a240
_bس ع
100 1 _aسعيد اسماعيل القاضى
245 1 0 _aالعقيدة الاسلامية اساس لتربية عالمية /
_cسعيد اسماعيل القاضى
250 _aالاولى
260 _aالقاهرة :
_bدار الفكر العربى ،
_c2006
300 _a160 ص ؛
_c24 سم
650 0 4 _aطرق البحث
650 0 4 _aالسيرة النبوية
650 0 4 _aالوحدانية
650 0 4 _aالعقيدة الاسلامية
650 0 4 _aالايمان
650 0 4 _aالالحاد والملحدون
650 0 4 _aالرسل
650 0 4 _aالملائكة
650 0 4 _aالتربية الاسلامية
650 0 4 _aالقضاء والقدر
650 0 4 _aعلم الكلام
650 0 4 _aالقدوة
650 0 4 _aالمسيحية
942 _2ddc
_cBK
999 _c9625
_d9625